Muse - Chansons les plus écoutées - Statistiques

Statistiques générales
  • Ce quiz a été pris 50 fois
  • Le résultat moyen est 10 sur 20
Statistiques - réponses
Chansons Vues % Correct
1 Uprising 309 485 569
90%
2 Starlight 221 058 117
85%
7 Time Is Running Out 102 838 163
69%
4 Hysteria 140 697 466
67%
20 Hysteria 31 011 289
67%
10 Feeling Good 73 409 791
64%
14 Plug In Baby 46 181 787
64%
5 Resistance 137 459 570
64%
18 New Born 39 373 860
59%
3 Madness 191 719 045
56%
17 Bliss 42 098 018
54%
11 Knights of Cydonia 61 823 330
51%
9 Psycho 86 617 933
51%
6 Undisclosed Desires 126 192 557
46%
16 Unintended 43 069 469
41%
15 Supremacy 44 790 810
33%
19 Mercy 33 711 235
23%
13 Dead Inside 58 050 434
21%
8 Supermassive Black Hole 100 039 495
18%
12 Neutron Star Collision / Love is Forever 58 767 544
13%
Aucun quiz correspondant
Distribution des résultats
% des personnes avec chaque résultat
Percentile par nombre de réponses
Votre historique - résultats
Vous n’avez pas pris ce quiz